[Event "EYCC Open U14 2021"]
[Site "Tornelo"]
[Date "2021.10.15"]
[Round "6.2"]
[White "Kanov, Nikola"]
[Black "Magalakis, Stefanos"]
[Result "1/2-1/2"]
[WhiteElo "2150"]
[BlackElo "2065"]
[Annotator "TA"]
[PlyCount "90"]
[EventDate "2021.10.15"]
[EventType "swiss"]
[EventCountry "NET"]
[SourceTitle "playchess.com"]
[Source "ChessBase"]
[SourceQuality "1"]

{[%evp 15,90,50,54,37,42,40,46,51,88,25,56,51,63,47,56,23,33,-4,45,35,25,37,26,29,59,57,57,57,62,58,61,61,64,52,52,51,49,44,50,47,49,20,62,51,66,52,48,18,22,-16,7,2,24,0,0,0,3,0,24,44,58,57,35,0,0,-83,-20,-46,-20,-13,0,0,0,-46,0,0,0]} 1. e4 e5 2. Nf3 Nc6 3. Bc4 Nf6 4. d3 h6 5. O-O d6 6. c3 g6 7. d4 Qe7 8. Re1 Bg7 9. a4 {[%cal Ba2a4,Ba4a5][%mdl 32] C55: Two Knights: 4 d3, 4 d4 exd4 5 e5 and Max Lange Attack.} O-O 10. h3 {[#]} Rd8 $146 ({Predecessor:} 10... Bd7 11. Nbd2 Kh7 12. Qc2 Nh5 13. dxe5 Nxe5 14. Nxe5 dxe5 15. Nf3 Rad8 16. Be3 f5 {0-1 (43) Mocanu,P (1640)-Ojog,F (1719) Kishinev 2019}) 11. a5 {White is slightly better.} a6 12. Nbd2 ({White should try} 12. d5 $16) 12... Qf8 13. d5 Ne7 14. Bd3 Nh7 15. Nf1 f5 16. exf5 Bxf5 (16... gxf5 $5 {[%cal Re5e4]} 17. Bc2 Nf6 $11) 17. c4 Qf7 18. Ra3 Rf8 19. Bc2 Nf6 20. Ng3 Bxc2 21. Qxc2 Nd7 22. b4 Rac8 23. Ne4 Nf5 24. Qd2 Nf6 25. Nxf6+ Qxf6 26. Bb2 Qf7 27. Re4 Ne7 28. Rd3 Qf5 29. Qe2 {[%cal Rf3e5]} Rce8 30. Nd2 Qd7 31. c5 Qb5 32. cxd6 cxd6 33. Nc4 Rd8 ({Don't blunder} 33... Qxb4 $2 34. Ba3 $18) 34. Qd2 Kh7 35. Na3 Qd7 36. Nc4 Ng8 37. Nb6 Qb5 38. Rc4 Rf7 39. Rg3 {Hoping for Rxg6!} Rdf8 40. f3 {[#]} (40. Rxg6 $11 {keeps the balance.} Kxg6 41. Qc2+ e4 42. Qxe4+ Rf5 43. g4 $1 {[%mdl 64] Pin} Bxb2 44. Rc7 (44. gxf5+ Kh7 $11)) 40... Ne7 (40... h5 $1 $17 41. Rxg6 Kxg6 42. Qc2+ Kf6 43. Rf4+ Kg5 44. h4+ Kh6 45. Rxf7 Rxf7 46. Bc1+ Rf4) 41. Rgg4 $11 Nf5 42. Rge4 Ng3 43. Rg4 Nf5 44. Rge4 Ng3 45. Rg4 Nf5 {Weighted Error Value: White=0.15/Black=0.11} 1/2-1/2

[Event "EYCC Open U14 2021"]
[Site "Tornelo"]
[Date "2021.10.15"]
[Round "6.3"]
[White "Taspinar, Yanki"]
[Black "Veselov, Yaroslav"]
[Result "1/2-1/2"]
[WhiteElo "2147"]
[BlackElo "1922"]
[Annotator "TA"]
[PlyCount "138"]
[EventDate "2021.10.15"]
[EventType "swiss"]
[EventCountry "NET"]
[SourceTitle "playchess.com"]
[Source "ChessBase"]
[SourceQuality "1"]

{[%evp 17,138,29,25,19,18,27,34,-8,-6,-8,0,-4,-7,0,0,-4,-6,-15,-31,-38,-9,-25,9,0,7,16,47,14,20,16,21,-12,16,-27,0,0,0,0,0,0,0,0,0,0,0,0,0,0,0,0,0,0,10,6,10,10,10,11,11,0,0,0,0,0,0,0,0,0,0,0,0,0,0,0,0,0,0,0,0,0,-28000,-28000,-28000,-28000,-28000,-28000,-28000,-28000,-28000,-28000,-28000,-28000,-28000,-28000,-28000,-28000,-28000,-28000,-28000,-28000,-28000,-28000,-28000,-28000,-28000,-28000,-28000,-28000,-28000,-28000,-28000,-28000,-28000,-28000,-28000,-28000,-28000,-28000,-28000,-28000,-28000,-28000,-28000]} 1. e4 c5 2. Nf3 d6 3. d4 cxd4 4. Nxd4 Nf6 5. Nc3 a6 6. f3 e5 7. Nb3 Be6 8. Be3 h5 9. Qd2 Nbd7 10. Nd5 $1 {10.Nd5 is better than 10.0-0-0. B90: Sicilian Najdorf: Unusual White 6th moves, 6 Be3 Ng4 and 6 Be3 e5.} Nxd5 11. exd5 Bf5 12. Bd3 {White is slightly better.} Bxd3 13. Qxd3 Be7 14. O-O Bg5 {[#]} 15. Bxg5 $146 ({Predecessor:} 15. Rac1 O-O 16. c4 Rc8 17. Rfd1 b6 18. Nd2 f5 19. b4 Qf6 20. Qa3 Rce8 21. Re1 {0-1 (35) Ruiz Buendia,M (2044)-Ortega Ruiz,J (2224) Linares 2020}) 15... Qxg5 16. c4 O-O 17. Rac1 {[%cal Ba1c1,Bc1c3,Bc3a3][%mdl 32]} b6 18. Qd2 Qg6 19. f4 exf4 20. Qxf4 Ne5 21. Rc3 Rac8 22. Nd4 {Rg3 is the strong threat.} (22. Rg3 {is more complex.} Qh7 23. Nd4 Rxc4 24. b3 h4 25. Rg5) 22... Qg4 23. Qxg4 hxg4 24. Rfc1 Rc7 25. Ra3 Rfc8 26. Rxa6 Rxc4 27. Rd1 R4c5 28. Nf5 {[#] And now Ne7+ would win.} Rc1 29. Rxc1 Rxc1+ $11 {[%mdl 4096] Endgame KRN-KRN} 30. Kf2 Rc2+ 31. Kg3 Rxb2 32. Nxd6 Rd2 33. Rxb6 (33. Nf5 {is interesting.} f6 34. Rxb6 Rxa2 35. Ne7+ Kf8 36. Nf5) 33... Rxd5 34. a4 Nd7 35. Ra6 Nb8 36. Ra8 Rxd6 37. Rxb8+ {KR-KR} Kh7 38. Rb3 Ra6 39. Ra3 f5 40. Kf4 Kg6 41. Ke5 {Hoping for a5.} Kg5 42. g3 {Strongly threatening a5.} Ra5+ 43. Kd6 f4 44. gxf4+ Kxf4 45. Kc6 g6 46. Kb6 Rh5 47. Ra2 {[%mdl 8192]} (47. a5 $11 Rxh2 48. a6) 47... g3 48. hxg3+ Kxg3 {Black keeps a firm grip on the game.} 49. a5 {Mate.} g5 50. a6 g4 51. a7 Rh8 52. a8=Q Rxa8 53. Rxa8 {KR-KP} Kf3 54. Rf8+ Ke3 55. Rg8 Kf3 56. Rf8+ Ke3 57. Rg8 Kf3 58. Kc5 {[#]} g3 $1 59. Rf8+ Ke3 60. Rg8 Kf2 61. Rf8+ Ke3 62. Re8+ Kf2 63. Kd4 g2 64. Rf8+ Ke2 65. Re8+ Kf2 66. Rf8+ Ke2 67. Rg8 Kf2 68. Ke4 g1=Q 69. Rxg1 Kxg1 {[%mdl 32768] Weighted Error Value: White=0.05/Black=0.04. An unexpected result.} 1/2-1/2

[Event "EYCC Open U14 2021"]
[Site "Tornelo"]
[Date "2021.10.15"]
[Round "6.4"]
[White "Ponomarev, Vsevolod"]
[Black "Gasanov, Vadim"]
[Result "1-0"]
[WhiteElo "2135"]
[BlackElo "2027"]
[Annotator "TA"]
[PlyCount "135"]
[EventDate "2021.10.15"]
[EventType "swiss"]
[EventCountry "NET"]
[SourceTitle "playchess.com"]
[Source "ChessBase"]
[SourceQuality "1"]

{[%evp 30,135,100,104,121,115,121,121,122,129,128,110,119,94,97,89,96,96,163,86,100,100,169,161,258,250,502,483,489,483,539,539,483,349,343,321,312,298,400,387,591,536,973,639,1860,865,1304,856,862,861,814,785,735,714,693,700,955,939,1061,965,29967,29969,29969,29969,29967,29963,29961,29961,29960,29960,12835,5513,29968,29969,29974,29969,29963,7288,29974,29976,29976,29978,29977,29978,29979,29981,29981,29982,29985,29984,29984,29986,29986,29984,29984,29985,29985,29986,29986,29987,29987,29987,29991,29989,29992,29992,29993,240]} 1. e4 c5 2. Nf3 d6 3. d4 cxd4 4. Nxd4 Nf6 5. Nc3 g6 6. Be3 Bg7 7. f3 O-O 8. Qd2 Nc6 9. Bc4 Bd7 10. O-O-O Ne5 11. Bb3 Rc8 12. Kb1 Nc4 13. Bxc4 Rxc4 14. g4 b5 15. b3 Rc8 {has lost popularity (15...b4).} 16. Ndxb5 ({Much weaker is} 16. Ncxb5 $6 e5 $11) 16... Bxb5 {B78: Sicilian Dragon: Yugoslav Attack, 9 Bc4 Bd7 10 0-0-0 Rc8.} 17. Nxb5 a6 18. Nd4 Qc7 {White is better.} 19. h4 h5 {[#]} 20. gxh5 $146 ({Predecessor:} 20. Bg5 hxg4 21. Bxf6 Bxf6 22. fxg4 Bxd4 23. Qxd4 Qxc2+ 24. Ka1 Qe2 25. Rde1 Qg2 26. Reg1 Qe2 {½-½ (26) MacDonald,W (1505)-Berry,V (1400) IECC email 2004}) 20... Nxh5 21. Ne2 Rfd8 22. Nf4 Nxf4 23. Bxf4 Qc5 {[#]} (23... Qc3 $16 {keeps fighting.} 24. Qxc3 Rxc3) 24. Be3 (24. h5 $1 $18) 24... Qh5 25. Qe2 Qa5 (25... Rc3 $16 {might work better.}) 26. Bd4 e5 (26... Bxd4 {was worth a try.} 27. Rxd4 Kg7) 27. Bb2 $18 Rc6 $2 (27... d5 28. h5 d4 29. hxg6 fxg6) 28. h5 d5 29. hxg6 Rxg6 30. f4 exf4 31. Bxg7 Kxg7 32. Qh5 {White wants to mate with Qe5+.} Qb6 33. exd5 Qd6 34. Qh7+ Kf6 (34... Kf8 $142 35. Qh8+ Rg8) 35. Rhf1 Rdg8 36. Qh4+ Kf5 37. Qh3+ (37. Rd4 $142 Rg4 38. Qh5+ Kf6 39. Rc4) 37... Rg4 38. Rd4 Kg5 {[#]} 39. Rdxf4 $3 {[%mdl 512]} Qxf4 40. Rxf4 Kxf4 {[%mdl 4096] Endgame KQ-KRR} 41. Qf1+ Ke5 42. Qxf7 R8g6 43. Kb2 Rg2 44. Ka3 Kd4 45. d6 Rg7 46. Qe6 R2g6 47. Qc4+ Ke5 48. Qc5+ Ke6 49. c4 Rg5 50. Qb6 Rd7 51. c5 Rd5 52. Qb4 Ke5 53. Qc3+ (53. Qe1+ $142 Kf5 54. Qf2+ Ke6 55. Qe2+ Kf6 56. Qf3+ Rf5 57. Qc6 Rd8 58. Qc7) 53... Ke6 54. c6 {White mates.} R5xd6 55. cxd7 Kxd7 {KQ-KR} 56. Kb4 Rc6 57. Qg7+ Kc8 58. Ka5 Kb8 59. Qf8+ Kc7 60. Qe7+ Kb8 61. Qe8+ Kb7 {[#]} 62. Qxc6+ $3 {[%mdl 64] Remove Defender, Deflection} Kxc6 63. Kxa6 {KP-KP} Kc7 64. b4 {[%cal Bb3b4,Bb4b5][%mdl 32]} Kb8 65. Kb6 Ka8 66. Kc7 Ka7 67. b5 Ka8 68. a3 $2 {Weighted Error Value: White=0.25/Black=0.75} (68. a4 {mates} Ka7 69. b6+ Ka6 70. b7 Ka5 71. b8=Q Kxa4 72. Qb2 Ka5 73. Qb3 Ka6 74. Qb6#) 1-0

[Event "EYCC Open U14 2021"]
[Site "Tornelo"]
[Date "2021.10.15"]
[Round "6.5"]
[White "Zakharov, Alexey O."]
[Black "Krawczyk, Flawian"]
[Result "1-0"]
[WhiteElo "1962"]
[BlackElo "2070"]
[Annotator "TA"]
[PlyCount "121"]
[EventDate "2021.10.15"]
[EventType "swiss"]
[EventCountry "NET"]
[SourceTitle "playchess.com"]
[Source "ChessBase"]
[SourceQuality "1"]

{[%evp 16,121,0,0,17,-1,17,9,24,6,16,8,22,7,28,6,35,30,45,23,33,20,33,23,114,69,68,40,46,25,25,27,76,62,62,75,106,99,97,65,93,104,116,31,88,19,129,121,116,115,115,120,120,103,130,109,103,100,102,100,169,160,181,174,226,230,230,224,230,225,221,231,226,221,227,210,213,221,216,212,295,264,298,298,284,0,164,140,140,139,138,141,141,98,146,153,140,31,31,31,74,74,74,74,29980,29981,29977,29975]} 1. e4 c5 2. Nc3 Nc6 3. g3 g6 4. Bg2 Bg7 5. d3 d6 6. Be3 Rb8 7. Qd2 b5 {[%cal Bb7b5,Bb5b4][%mdl 32]} 8. Nge2 b4 {8...b4 scores better than 8...Nd4.} 9. Nd1 $1 Bb7 {B26: Closed Sicilian: 3 g3, lines with early Be3.} 10. O-O a5 {[#]} 11. a3 $146 ({Predecessor:} 11. h3 Nd4 12. Nc1 Nf6 13. c3 Ne6 14. f4 Qc7 15. Nf2 d5 16. f5 gxf5 17. exf5 {0-1 (49) Myo,N (2299)-Duong,T (2340) Ho Chi Minh City 2015}) 11... h5 {The position is equal.} 12. axb4 axb4 13. h3 Nf6 14. f4 Qd7 15. c3 bxc3 16. bxc3 O-O 17. f5 Ne5 18. Bh6 Ra8 19. Rb1 d5 (19... Ra3 $11 {remains equal.}) 20. Bf4 Nh7 21. Bxe5 (21. Nf2 {seems wilder.} gxf5 22. exf5 Bc6 23. Bxe5 Bxe5 24. Qh6) 21... Bxe5 22. d4 cxd4 23. cxd4 Bf6 24. fxg6 fxg6 25. Qh6 Bg7 26. Qxg6 Rxf1+ 27. Kxf1 {e5 is the strong threat.} Ra6 28. Qxh5 {Threatens to win with e5.} dxe4 29. Qb5 (29. Ndc3 $16) 29... Rf6+ ({Black should try} 29... Qxb5 $1 $14 30. Rxb5 Bc6) 30. Kg1 (30. Ke1 $16 Bc6 31. Qc4+ Bd5 32. Rb8+ Rf8 33. Qb5) 30... Bc6 (30... Qxb5 $11 31. Rxb5 Ba6 32. Rb8+ Kf7) 31. Qc4+ $16 Bd5 32. Rb8+ Rf8 33. Rxf8+ Kxf8 34. Qb4 Ng5 35. Qb8+ Kf7 36. Qf4+ Bf6 37. Ne3 Nf3+ {[#]} (37... Bb7 $16 {was worth a try.}) 38. Kf2 $1 $18 Bb7 39. Ng4 {[%cal Rg2f3]} (39. Bxf3 $6 exf3 40. Ng4 Qc8 $14) 39... Qb5 (39... Qc8 $142 40. Nxf6 (40. Bxf3 exf3 41. Ne5+ {[%mdl 64] Double Attack} Kg7 $14) 40... exf6) 40. Bxf3 exf3 41. Ne5+ {[%mdl 64] Double Attack} Ke8 42. Nxf3 Ba6 43. Qe4 Bb7 44. Qg6+ Kd8 45. Qg8+ Kc7 46. Qe6 Bc8 47. Qe4 Bxh3 48. g4 Qc6 49. Qf4+ Qd6 50. Qe4 (50. g5 $142) 50... Qc6 51. Qf5 {Strongly threatening Qh5.} Qd7 52. Qa5+ Kc8 53. g5 Bg7 54. Qa8+ Kc7 55. Qg8 $36 {[%mdl 2048] White is in control.} e6 56. Ne5 ({Better is} 56. Qa8 $16) 56... Bxe5 $14 57. dxe5 {And now g6 would win.} Bg4 58. Qf8 {Black must now prevent g6.} Qd2 59. Qc5+ ({Much weaker is} 59. Qe7+ Kc6 $11) 59... Kb7 $2 {[%mdl 8192] [#]} (59... Kd7 $16 60. Qe3 Qxe3+ 61. Kxe3 Ke7) 60. Qb5+ Ka8 61. Qa4+ {[%mdl 64] Double Attack.  Weighted Error Value: White=0.19/Black=0.34} 1-0

[Event "EYCC Open U14 2021"]
[Site "Tornelo"]
[Date "2021.10.15"]
[Round "6.6"]
[White "Shinkarov, Artem"]
[Black "Habans Aguerrea, Javier"]
[Result "0-1"]
[WhiteElo "1894"]
[BlackElo "2308"]
[Annotator "TA"]
[PlyCount "108"]
[EventDate "2021.10.15"]
[EventType "swiss"]
[EventCountry "NET"]
[SourceTitle "playchess.com"]
[Source "ChessBase"]
[SourceQuality "1"]

{[%evp 19,108,22,37,29,22,0,0,0,22,-13,-8,-135,-78,-87,-77,-79,-63,-167,-167,-170,-178,-155,-111,-120,-106,-102,-101,-101,-101,-101,-101,-101,-101,-101,-101,-101,-101,-101,-101,-101,-101,-101,-101,-113,-96,-97,-96,-114,-113,-174,-174,-171,-171,-264,-256,-256,-243,-296,-286,-2526,-2172,-2010,-6528,-6512,-6199,-29967,-29968,-29967,-29969,-29967,-29968,-29963,-29964,-29960,-29964,-29961,-29961,-29964,-29962,-29981,-29982,-29983,-29984,-29984,-29985,-29985,-29986,-29986,-29987,-29988,-29989]} 1. d4 Nf6 2. c4 e6 3. Nc3 Bb4 4. Qc2 O-O 5. Nf3 c5 6. a3 Bxc3+ 7. Qxc3 d6 8. e3 b6 9. Be2 Bb7 10. O-O Nbd7 {[%cal Bb8d7,Bd7c5,Bc5e4][%mdl 32]} 11. Nd2 {E32: Nimzo-Indian: Classical (4 Qc2): 4...0-0.} Rc8 {[#]} 12. dxc5 $146 ({Predecessor:} 12. f3 Qe7 13. b4 Rfe8 14. Bb2 d5 15. Qb3 Ba6 16. dxc5 bxc5 17. b5 Bb7 18. a4 Qd6 {1-0 (38) Grams,P-Lang,J Lansing 1987}) 12... Nxc5 13. b4 {The position is equal.} Nce4 14. Qb3 d5 {...dxc4 is the strong threat.} 15. Rd1 (15. Nxe4 $11 {remains equal.} Nxe4 16. f3 dxc4 17. Bxc4) 15... Qc7 (15... dxc4 $142 16. Nxc4 Bd5) 16. Nxe4 Nxe4 17. f3 dxc4 18. Bxc4 Qxc4 $19 19. Qxc4 Rxc4 20. fxe4 Bxe4 21. Rd4 Rxd4 22. exd4 $17 {[%mdl 4096] Endgame KRB-KRB} Rc8 23. Bd2 Kf8 24. Rc1 Rxc1+ 25. Bxc1 {KB-KB} b5 26. g3 Ke7 27. Bf4 Kd7 28. Kf2 Kc6 29. Ke3 Kd5 30. Bb8 a6 31. Ba7 Bf5 32. Bc5 Kc4 33. Bf8 g5 34. h4 (34. Be7 $17) 34... gxh4 $19 35. gxh4 Kb3 36. Kd2 (36. Kf4 {keeps fighting.} Bd3 37. Ke3) 36... Kxa3 37. Kc3 Ka4 38. h5 a5 39. h6 $2 {[#]} (39. bxa5 Kxa5 40. Kb3) 39... axb4+ 40. Bxb4 Be4 41. Be7 f5 42. Bd6 Bd5 {Black mates.} 43. Kb2 b4 44. Kc2 Kb5 45. Kd3 Be4+ 46. Kd2 Kc4 47. d5 Bxd5 48. Be5 Be4 49. Ke3 Kb3 50. Kd2 Ka2 51. Kc1 b3 {[%cal Bb4b3,Bb3b2][%mdl 32]} 52. Bb2 f4 53. Bd4 f3 54. Kd2 b2 {Weighted Error Value: White=0.52/Black=0.05} 0-1

[Event "EYCC Open U14 2021"]
[Site "Tornelo"]
[Date "2021.10.15"]
[Round "6.7"]
[White "Ince, Taylan Ruzgar"]
[Black "Klimkowski, Jan"]
[Result "0-1"]
[WhiteElo "2124"]
[BlackElo "2366"]
[Annotator "TA"]
[PlyCount "96"]
[EventDate "2021.10.15"]
[EventType "swiss"]
[EventCountry "NET"]
[SourceTitle "playchess.com"]
[Source "ChessBase"]
[SourceQuality "1"]

{[%evp 9,96,13,36,35,40,25,33,25,24,19,20,22,39,22,36,29,34,38,38,32,35,39,33,32,39,18,31,0,0,0,11,8,29,14,71,18,48,31,31,20,38,22,16,0,30,0,45,41,38,41,77,12,13,-6,0,-24,0,-14,0,-25,-23,-34,-35,-45,-24,-104,-89,-159,-161,-184,-147,-184,-184,-272,-271,-383,-391,-489,-487,-564,-554,-647,-525,-641,-634,-795,-783,-1236,-1163]} 1. e4 c5 2. Nf3 d6 3. Bb5+ Nd7 4. a4 {[%cal Ba2a4,Ba4a5][%mdl 32]} Ngf6 5. Nc3 g6 6. a5 {B51: Sicilian: Moscow Variation (3 Bb5+) without 3...Bd7.} Bg7 7. O-O a6 8. Bc4 {Strongly threatening Bxf7+!White is slightly better.} O-O 9. d3 b5 10. axb6 $1 Nxb6 11. Bb3 Bb7 {[#]} 12. Bf4 $146 ({Predecessor:} 12. Re1 e6 13. e5 dxe5 14. Nxe5 Nfd5 15. Na4 Nxa4 16. Bxa4 Nb6 17. Qg4 Qd4 18. Qxd4 cxd4 {½-½ (30) Giri,A (2778)-Vachier Lagrave,M (2765) Reykjavik 2015}) 12... Nfd7 13. Qd2 Rc8 14. Rfe1 c4 15. Ba2 cxd3 16. cxd3 Ne5 17. Nd4 e6 18. Bh6 Bxh6 19. Qxh6 Qf6 {Threatens to win with ...Ng4.} ({Not} 19... Nxd3 $2 20. Re3 $16) 20. Qd2 Ned7 21. Nc2 Rc5 (21... d5 $11 {keeps the balance.}) 22. Re3 (22. Ne3 $16) 22... Rh5 23. Rf3 Qe7 24. d4 Rc8 25. Rg3 Nf6 26. Qe2 {Hoping for e5.} Rh4 {[%cal Rf6e4]} 27. Re3 Rh5 28. Rd1 Kh8 29. Ne1 a5 {[#]} 30. g3 ({White should try} 30. h3 $1 $16) 30... a4 $11 31. Ng2 Ra5 32. Nf4 Nfd7 33. Qd2 {aiming for Ncd5.} Raa8 34. h4 Nc4 35. Bxc4 Rxc4 36. Ra1 Qd8 37. d5 (37. Rd3 $11) 37... e5 $17 38. Nh3 (38. Nd3 $142) 38... Kg7 39. Qe2 Rb4 40. h5 Nc5 41. Kh2 (41. f4 $142) 41... Rb8 $19 42. Rf3 (42. Ra2 $142) 42... Bc8 43. h6+ Kg8 {Black is clearly winning.} 44. Re3 Qf8 45. g4 Qxh6 46. Qf3 Rxb2 47. Nxa4 Nxa4 48. Rxa4 {[#]} Bxg4 $1 {[%mdl 512] Weighted Error Value: White=0.45/Black=0.12} 0-1

[Event "EYCC Open U14 2021"]
[Site "Tornelo"]
[Date "2021.10.15"]
[Round "6.8"]
[White "Skrbec, Leon"]
[Black "Vergara Anton, Diego"]
[Result "0-1"]
[WhiteElo "2091"]
[BlackElo "2258"]
[Annotator "TA"]
[PlyCount "110"]
[EventDate "2021.10.15"]
[EventType "swiss"]
[EventCountry "NET"]
[SourceTitle "playchess.com"]
[Source "ChessBase"]
[SourceQuality "1"]

{[%evp 11,110,12,23,7,2,12,20,0,48,0,27,-27,-14,-29,-33,-67,-46,-217,-217,-217,-201,-219,-223,-218,-199,-405,-373,-355,-296,-295,-289,-336,-331,-335,-309,-345,-324,-324,-225,-212,-210,-313,-295,-369,-255,-256,-255,-252,-258,-248,-225,-239,-247,-255,-243,-232,-175,-261,-272,-261,-172,-192,-184,-198,-172,-195,-177,-225,-202,-249,-234,-232,-232,-218,-225,-330,-334,-422,-425,-414,-390,-839,-821,-806,-784,-29977,-29978,-29978,-29979,-29979,-29980,-29977,-29974,-29983,-29984,-29984,-29985,-29987,-29988,-29988,-29965]} 1. e4 e6 2. d4 d5 3. exd5 exd5 4. Bd3 Nc6 5. c3 Bd6 6. Ne2 Qf6 7. O-O {C01: French: Exchange Variation.} Nge7 8. Nd2 Bg4 9. Qc2 {[#] The position is equal.} Ng6 $146 ({Predecessor:} 9... O-O-O 10. b4 Ng6 11. h3 Bd7 12. Nb3 Nh4 13. Ng3 Bxh3 14. gxh3 Qf3 15. Be4 dxe4 16. Qxe4 Bxg3 17. Qxf3 Nxf3+ {0-1 (30) Serpa,R (1940)-Rodi,L (2359) Juiz de Fora 2014}) 10. Re1 (10. f3 $5 {[%cal Rf3g4]} Bc8 11. f4 $14) 10... Nce7 11. Nf1 (11. h3 $142 Be6 12. Nf3) 11... O-O-O $11 12. Be3 Nh4 {White must now prevent ...Nxg2!} 13. f4 Bf5 14. Bf2 $2 {[#] White does not recover from this.} ({White should play} 14. Nc1 $15) 14... Nf3+ $1 $19 {[%mdl 512]} 15. gxf3 Qg6+ $1 16. Bg3 {aiming for Nc1.} Bxd3 17. Qd2 h5 {...h4 is the strong threat.} 18. Kh1 $2 (18. f5 Bxf5 19. Kh1) 18... h4 19. Bf2 Bf5 20. Ne3 Qh5 21. Ng1 Bxf4 22. Qe2 Bd6 23. b4 Qg5 24. Ng4 Bxg4 25. fxg4 h3 26. Qf3 (26. Rad1 {might work better.}) 26... f5 27. gxf5 Qg2+ {[%mdl 64] Decoy} 28. Qxg2 hxg2+ 29. Kxg2 Rxh2+ 30. Kf1 Rf8 31. Nf3 Rh5 32. Kg2 Rhxf5 ({Much less strong is} 32... Rfxf5 33. Rh1 $17) 33. Re3 R5f6 34. Rg1 (34. Rae1 $142) 34... Nf5 35. Rd3 Rg6+ 36. Kf1 Rxg1+ 37. Bxg1 Ng3+ 38. Kg2 Ne4 39. Be3 g5 40. Nd2 Nxd2 41. Bxd2 {[%mdl 4096] Endgame KRB-KRB} g4 42. Be1 Re8 43. Kf1 (43. Bg3 $142) 43... Rh8 44. Kg1 Rh3 45. Rd1 Kd7 46. Bd2 $2 (46. a4) 46... Rd3 47. Kf2 {[#]} Bf4 $1 {[%mdl 512]} 48. Ke2 (48. Bxf4 Rxd1) 48... Rxd2+ {Black mates.} 49. Rxd2 Bxd2 50. Kxd2 {KP-KP} Ke6 51. Ke3 Kf5 52. a4 a6 53. a5 Kg5 54. Ke2 Kf4 55. Kf2 Ke4 {Weighted Error Value: White=0.49/Black=0.14} 0-1

[Event "EYCC Open U14 2021"]
[Site "Tornelo"]
[Date "2021.10.15"]
[Round "6.9"]
[White "Uritsky, Yonathan"]
[Black "Palczert, Matyas"]
[Result "0-1"]
[WhiteElo "2081"]
[BlackElo "2204"]
[Annotator "TA"]
[PlyCount "146"]
[EventDate "2021.10.15"]
[EventType "swiss"]
[EventCountry "NET"]
[SourceTitle "playchess.com"]
[Source "ChessBase"]
[SourceQuality "1"]

{[%evp 24,146,46,52,74,0,0,0,0,0,0,0,0,0,0,0,0,0,0,0,19,-101,-116,-122,-124,-150,-140,-144,-134,-240,-243,-216,-67,-106,-71,-88,-55,-164,-158,-165,-165,-215,-201,-198,-92,-164,-157,-166,-152,-181,-165,-182,-164,-138,-142,-212,-212,-194,-177,-229,-218,-212,-219,-302,-310,-288,-296,-343,-343,-338,-331,-331,-327,-343,-343,-335,-328,-280,-102,-102,-102,-102,-102,-102,-102,-102,-102,-102,-102,-102,-102,-102,-102,-102,-102,-102,-102,-102,-102,-102,-85,-85,-69,-69,-69,-85,-85,-85,-85,-1157,-1123,-1125,-1116,-1046,-132,-989,-939,-29977,-29978,-29978,-29979,-29979,-29980,-29980,-29981]} 1. e4 c5 2. Nf3 e6 3. d4 cxd4 4. Nxd4 Nc6 5. Nc3 Qc7 6. g3 a6 7. Bg2 Nf6 8. O-O Nxd4 9. Qxd4 Bc5 10. Bf4 d6 11. Qd2 h6 12. Rad1 e5 13. Be3 Bxe3 {B47: Sicilian: Taimanov: 5 Nc3 Qc7 6 f4, 6 g3 and 6 Be2.} 14. Qxe3 (14. fxe3 $16 Be6 15. Qxd6 Qxd6 16. Rxd6) 14... Be6 $11 15. h3 O-O {The position is equal.} 16. f4 Rfd8 17. f5 Bc4 18. Rf2 Rac8 {[%cal Ba8c8,Bc8c4,Bc4b4][%mdl 32]} 19. g4 b5 20. a3 {[#]} Qa5 $146 ({Predecessor:} 20... a5 21. g5 hxg5 22. Qxg5 b4 23. axb4 axb4 24. Nb1 Ba2 25. Kh1 Kf8 26. Bf3 Ke7 {0-1 (57) Svane,F (2421)-Andreikin,D (2725) Chess.com INT 2021}) 21. Qd2 {Hoping for Nd5.} b4 22. Nd5 (22. Nb1 $11 {remains equal.}) 22... Bxd5 $17 23. exd5 Rc4 24. axb4 Rxb4 25. c3 Rb3 26. g5 (26. Rc1 $17) 26... hxg5 $19 27. Qxg5 Qb6 ({Black should play} 27... Rdb8 $19 {aiming for ...Qc5.} 28. Rd3 Rxb2) 28. Rdd2 $15 Rb8 29. Kh2 Kf8 30. Qh4 ({Better is} 30. Bf3 $15) 30... Qe3 $1 $19 31. Rfe2 Qh6 32. Qc4 R3b6 33. b4 Nh5 (33... a5 $19 {[%cal Ra5b4]} 34. bxa5 Rb1) 34. Qh4 (34. Rf2 $17) 34... Qf4+ 35. Qxf4 Nxf4 36. Re1 Rc8 37. Re3 a5 38. bxa5 Ra6 39. Bf1 (39. Ra2 $17) 39... Rxa5 40. c4 Rb8 41. Rc2 (41. Rc3 {is a better defense.}) 41... Ke7 42. Bg2 Rba8 43. c5 Ra2 ({Not} 43... Rxc5 44. Rxc5 Nxg2 45. Rc7+ Kd8 46. Rxf7 $14) ({Weaker is} 43... dxc5 44. d6+ Kd7 45. Bxa8 $16) 44. Rec3 {intending c6.} Nxg2 45. Kxg2 Rxc2+ 46. Rxc2 dxc5 47. Rxc5 {[%mdl 4096] Endgame KR-KR} Kf6 48. Rc6+ Kxf5 49. Rc7 Kf6 50. Rc6+ Ke7 $2 (50... Kg5 $1 $19 {is more deadly.} 51. Rc7 Kg6) 51. Rc7+ $17 Ke8 52. Kf3 Ra4 $1 53. d6 Rf4+ 54. Kg3 Rd4 55. Re7+ {[%mdl 64] Double Attack} Kf8 56. Rxe5 Rxd6 57. h4 Rd3+ 58. Kf4 Rd4+ 59. Kg3 Kg8 60. Re7 Rd5 61. Kg4 g6 62. Ra7 Kg7 63. Rb7 Rd1 64. Rb8 f5+ 65. Kg3 Rd3+ 66. Kf2 $2 {[%mdl 8192] [#]} (66. Kg2 $17) 66... Rh3 $1 $19 {[%cal Rh3h4]} 67. Rb4 Kh6 68. Kg2 Re3 $2 (68... Ra3 $19 {has better winning chances. And now ...Kh5 would win.} 69. Rb7 Kh5) 69. Kf2 $2 {[%mdl 8192] This costs White the game.} (69. Rb8 $17) 69... Re4 70. Rxe4 fxe4 {Black mates.} 71. Ke3 Kh5 72. Kxe4 Kxh4 73. Kf3 {[#]} g5 $1 {Weighted Error Value: White=0.24/Black=0.10} 0-1